[Event "ICS rated blitz match"]
[Site "204.178.125.65"]
[Date "2000.10.09"]
[Round "?"]
[White "QueenMaxima"]
[Black "Hossa"]
[Result "0-1"]
[WhiteElo "2516"]
[BlackElo "2586"]
[PlyCount "122"]
[EventDate "2000.??.??"]

1. e3 d5 2. Nf3 Nf6 3. Bb5+ c6 4. Be2 Nbd7 5. d4 e6 6. O-O Bd6 7. c4 Ne4 8. c5
Bc7 9. Nc3 Nxc3 10. bxc3 e5 11. Ba3 e4 12. Nd2 Qg5 13. Rb1 Nf6 14. Re1 O-O 15.
Nf1 Rd8 16. c4 Qh4 17. cxd5 Nxd5 18. Qb3 Rb8 19. Ng3 Bg4 20. Bxg4 Bxg3 21. hxg3
Qxg4 22. Rec1 Qh5 23. Qa4 Nf6 24. Qxa7 Ra8 25. Qb6 Ng4 26. Qb3 Qf5 27. Rc2 Rd7
28. Rcb2 Qh5 29. Bb4 Qh2+ 30. Kf1 Qh1+ 31. Ke2 Qxg2 32. Rf1 Rd5 33. Bd2 Rb8 34.
Ba5 Rf5 35. Ke1 Rf3 36. Qc4 Nxe3 37. Qe2 Nxf1 38. Qxf1 Re3+ 39. fxe3 Qxb2 40.
Qf4 Qb1+ 41. Kf2 Ra8 42. a4 Qc2+ 43. Kg1 Qd1+ 44. Kh2 Qh5+ 45. Kg1 g5 46. Qf6
Qd1+ 47. Kf2 h6 48. Be1 Rxa4 49. Kf1 Ra2 50. Qf2 Rxf2+ 51. Kxf2 Qf3+ 52. Kg1
Qxe3+ 53. Kf1 Qxd4 54. Ke2 Qd3+ 55. Kf2 e3+ 56. Kg1 Qd1 57. Kf1 g4 58. Kg2 Qxe1
59. Kh2 Qd2+ 60. Kh1 e2 61. Kh2 e1=Q# {QueenMaxima checkmated} 0-1

[Event "ICS rated blitz match"]
[Site "204.178.125.65"]
[Date "2000.10.09"]
[Round "?"]
[White "Hossa"]
[Black "jyq"]
[Result "0-1"]
[WhiteElo "2599"]
[BlackElo "2117"]
[PlyCount "72"]
[EventDate "2000.??.??"]

1. d4 d5 2. c3 Nf6 3. Bf4 e6 4. e3 c5 5. Nf3 Nc6 6. dxc5 Bxc5 7. Nbd2 O-O 8.
Nb3 Bd6 9. Bxd6 Qxd6 10. c4 Qb4+ 11. Nfd2 Rd8 12. cxd5 exd5 13. a3 Qb6 14. Nf3
Bg4 15. Be2 Bxf3 16. Bxf3 d4 17. exd4 Nxd4 18. Nxd4 Rxd4 19. Qc2 Re8+ 20. Kf1
Ne4 21. Bxe4 Rdxe4 22. g3 h6 23. Rb1 Qb5+ 24. Kg2 Re2 25. Qc1 Rxf2+ 26. Kxf2
Re2+ 27. Kf3 Qd3+ 28. Kg4 Qg6+ 29. Kh4 Qf5 30. Qc8+ Qxc8 31. g4 g5+ 32. Kh3
Re3+ 33. Kg2 Qxg4+ 34. Kf1 Qf3+ 35. Kg1 Re2 36. Rf1 Qg2# {Hossa checkmated} 0-1

[Event "ICS rated blitz match"]
[Site "204.178.125.65"]
[Date "2000.10.09"]
[Round "?"]
[White "QueenMaxima"]
[Black "Hossa"]
[Result "0-1"]
[WhiteElo "2506"]
[BlackElo "2569"]
[PlyCount "98"]
[EventDate "2000.??.??"]

1. d4 Nf6 2. Bf4 d5 3. Nf3 e6 4. e3 c5 5. Nbd2 c4 6. Be2 Be7 7. O-O Nh5 8. Bxb8
Rxb8 9. b3 c3 10. Bb5+ Kf8 11. Ne5 Nf6 12. Ndf3 Ne4 13. Bd3 f6 14. Ng4 h5 15.
Nge5 Rh6 16. a4 fxe5 17. Bxe4 dxe4 18. Nxe5 Kg8 19. Qe1 Qc7 20. a5 Bd6 21. Nc4
Bxh2+ 22. Kh1 h4 23. Rb1 b5 24. axb6 axb6 25. Na3 Ba6 26. Nc4 b5 27. Ra1 bxc4
28. Rxa6 cxb3 29. cxb3 Rxb3 30. Ra8+ Kh7 31. Qe2 c2 32. Rc1 Rb1 33. Qe1 Rxc1
34. Qxc1 Rf6 35. Ra7 Qxa7 36. Qxc2 Bd6 37. f4 Qb7 38. Qc1 Rg6 39. Qc2 Rg3 40.
Qd1 Qb5 41. Kh2 Rxe3 42. Qg4 g5 43. Qd1 Bxf4+ 44. Kh1 Qd3 45. Qc1 Rf3 46. Kg1
Bxc1 47. gxf3 exf3 48. d5 Qe2 49. d6 Qg2# {QueenMaxima checkmated} 0-1

[Event "ICS Rated blitz match"]
[Site "204.178.125.65"]
[Date "2000.10.09"]
[Round "?"]
[White "Hossa"]
[Black "WitPaard"]
[Result "1-0"]
[WhiteElo "2582"]
[BlackElo "2331"]
[PlyCount "59"]
[EventDate "2000.??.??"]

1. e4 e5 2. f4 exf4 3. Nf3 d6 4. d4 g5 5. h4 g4 6. Ng1 f5 7. Nc3 fxe4 8. Bxf4
Nf6 9. Qd2 Bf5 10. Qf2 Qd7 11. O-O-O c6 12. d5 cxd5 13. Bg5 Bg7 14. Bb5 Nc6 15.
Rf1 O-O 16. Qxf5 Qxf5 17. Rxf5 Nd4 18. Rf1 Nh5 19. Nge2 Nxe2+ 20. Nxe2 d4 21.
Bc4+ Kh8 22. Rf7 b5 23. Rxf8+ Rxf8 24. Bxb5 Rf2 25. Re1 Rxg2 26. Bc6 d3 27.
cxd3 h6 28. Be3 Rg3 29. Nxg3 Nxg3 30. dxe4 {WitPaard resigns} 1-0

[Event "ICS rated blitz match"]
[Site "204.178.125.65"]
[Date "2000.10.09"]
[Round "?"]
[White "WitPaard"]
[Black "Hossa"]
[Result "0-1"]
[WhiteElo "2325"]
[BlackElo "2588"]
[PlyCount "52"]
[EventDate "2000.??.??"]

1. e4 d5 2. exd5 Qxd5 3. Nc3 Qd6 4. d4 Nf6 5. Be3 Bd7 6. Bc4 Qc6 7. Bf1 e6 8.
Nf3 Bb4 9. Bd2 Qb6 10. Bc4 c5 11. a3 cxd4 12. axb4 dxc3 13. Bxc3 O-O 14. O-O
Ne4 15. Be1 Nd6 16. Bb3 Bb5 17. Ng5 Bxf1 18. Bc3 Ba6 19. Qg4 Nf5 20. Ra4 Qb5
21. h4 Qf1+ 22. Kh2 Bb5 23. Ra5 b6 24. Ra3 Qxf2 25. Nf3 Be2 26. Bxg7 Bxf3 {
WitPaard resigns} 0-1

[Event "ICS rated blitz match"]
[Site "204.178.125.65"]
[Date "2000.10.09"]
[Round "?"]
[White "Hossa"]
[Black "D-Zagorskis"]
[Result "1-0"]
[WhiteElo "2594"]
[BlackElo "2646"]
[PlyCount "79"]
[EventDate "2000.??.??"]

1. e4 c5 2. Nf3 e6 3. d4 cxd4 4. Nxd4 d6 5. Nc3 a6 6. Be2 Qc7 7. O-O Nf6 8. Bg5
Nbd7 9. Bh5 g6 10. Be2 h6 11. Bh4 Bg7 12. Nb3 O-O 13. Qd2 b5 14. a3 Bb7 15. Qe3
Ne5 16. Bxf6 Bxf6 17. Qxh6 Nc4 18. Bxc4 bxc4 19. Nd2 d5 20. exd5 exd5 21. Rfe1
Bg7 22. Qg5 Rad8 23. Re7 Rd7 24. Rae1 d4 25. Rxd7 Qxd7 26. Nce4 Re8 27. Qh4 d3
28. cxd3 cxd3 29. Nf6+ Bxf6 30. Rxe8+ Qxe8 31. Qxf6 Qe1+ 32. Nf1 Be4 33. f3 Bf5
34. Qd8+ Kh7 35. g4 Bxg4 36. fxg4 Qe2 37. Qd7 Kg8 38. h3 a5 39. b4 axb4 40.
axb4 {D-Zagorskis resigns} 1-0

[Event "ICS Rated blitz match"]
[Site "204.178.125.65"]
[Date "2000.10.09"]
[Round "?"]
[White "D-Zagorskis"]
[Black "Hossa"]
[Result "1/2-1/2"]
[WhiteElo "2628"]
[BlackElo "2612"]
[PlyCount "136"]
[EventDate "2000.??.??"]

1. Nf3 d5 2. b3 c5 3. Bb2 f6 4. e3 e5 5. Bb5+ Nc6 6. Bxc6+ bxc6 7. d3 Bg4 8. h3
Be6 9. c4 Bd6 10. Nc3 Ne7 11. O-O O-O 12. Rc1 Qa5 13. e4 d4 14. Na4 Ng6 15. Ba3
Nf4 16. Rc2 f5 17. Ng5 Bc8 18. exf5 Bxf5 19. Ne4 Be7 20. f3 Ne6 21. Re1 Bh4 22.
Rf1 Bxe4 23. dxe4 Bg5 24. g3 Be3+ 25. Kg2 Rf6 26. Qd3 Rg6 27. Kh2 Rf8 28. Bc1
Bxc1 29. Rcxc1 Qc7 30. Nb2 Ng5 31. h4 Ne6 32. Qe2 Nd8 33. Nd3 Qe7 34. Rf2 Nb7
35. Rcf1 Rgf6 36. Kg2 Nd8 37. f4 exf4 38. Rxf4 Kh8 39. e5 Rxf4 40. Rxf4 Re8 41.
Qf3 Kg8 42. Rf5 g6 43. Rf6 Nf7 44. e6 Nd8 45. h5 gxh5 46. Rf5 Qxe6 47. Re5 Qg6
48. Rxe8+ Qxe8 49. Nxc5 Kg7 50. Nd3 Qg6 51. Nf4 Qc2+ 52. Kh3 Qf5+ 53. Kg2 h4
54. gxh4 Ne6 55. Nxe6+ Qxe6 56. Kf2 Qf6 57. Qxf6+ Kxf6 58. b4 Ke5 59. Kf3 h6
60. a4 h5 61. Ke2 Kd6 62. Kd3 c5 63. b5 a5 64. Ke4 Ke6 65. Kd3 Kd7 66. Ke4 Ke7
67. Kd3 Kd8 68. Ke4 Kc8 {Game drawn by mutual agreement} 1/2-1/2

[Event "ICS rated blitz match"]
[Site "204.178.125.65"]
[Date "2000.10.09"]
[Round "?"]
[White "QueenMaxima"]
[Black "Hossa"]
[Result "0-1"]
[WhiteElo "2505"]
[BlackElo "2614"]
[PlyCount "160"]
[EventDate "2000.??.??"]

1. e3 d5 2. b3 e5 3. Bb2 Nc6 4. Bb5 e4 5. Ne2 Bg4 6. c4 dxc4 7. bxc4 Qd7 8. Qc2
Qd3 9. Bxc6+ bxc6 10. Qxd3 exd3 11. Nf4 Bf5 12. O-O Ne7 13. Bd4 Ng6 14. Nc3
Nxf4 15. exf4 Kd7 16. Rfe1 Be6 17. c5 Rb8 18. Re3 Bf5 19. a3 f6 20. Rae1 Rb3
21. h3 h5 22. Nb1 Rb5 23. Nc3 Rb2 24. Ne4 Rb3 25. Ng3 Bg6 26. f5 Bf7 27. a4 Bc4
28. Re4 h4 29. Nf1 Bd5 30. Re8 Rb4 31. Bc3 Rxa4 32. Nh2 Rg8 33. R1e3 Rf4 34.
Ng4 Rxf5 35. Rb8 Bxc5 36. Rxg8 Bxg8 37. Rxd3+ Bd6 38. Rd4 Rf4 39. Rxf4 Bxf4 40.
g3 hxg3 41. fxg3 Bxg3 42. Bxf6 gxf6 43. Nxf6+ Ke6 44. Nxg8 Bf4 45. d4 Kf7 46.
Kf2 Kxg8 47. Ke2 Bd6 48. Kd3 Kf7 49. Kc4 Kg6 50. Kd3 Kg5 51. Ke3 Kh4 52. Kd3
Kxh3 53. Ke3 c5 54. d5 Kg3 55. Ke4 c4 56. Ke3 c3 57. Kd3 c2 58. Kxc2 Kf3 59.
Kd3 c6 60. dxc6 Bb8 61. Kd4 Ke2 62. Kc4 a6 63. Kc5 Bc7 64. Kd4 Kd2 65. Ke4 Kc3
66. Kd5 Kb4 67. Ke6 Kc5 68. Kd7 Bd6 69. c7 Bxc7 70. Kxc7 a5 71. Kd7 a4 72. Ke6
a3 73. Ke5 a2 74. Ke4 a1=Q 75. Kf5 Kd5 76. Kg5 Ke5 77. Kg6 Qa7 78. Kh5 Kf5 79.
Kh6 Qb7 80. Kh5 Qh7# {QueenMaxima checkmated} 0-1

[Event "ICS rated blitz match"]
[Site "204.178.125.65"]
[Date "2000.10.09"]
[Round "?"]
[White "Hossa"]
[Black "Amateur"]
[Result "1-0"]
[WhiteElo "2625"]
[BlackElo "2571"]
[PlyCount "53"]
[EventDate "2000.??.??"]

1. e4 e6 2. d4 d5 3. Nc3 Bb4 4. e5 c5 5. a3 Bxc3+ 6. bxc3 Qc7 7. Qg4 f5 8. Qg3
cxd4 9. cxd4 Qxc2 10. Qxg7 Qc3+ 11. Ke2 Bd7 12. Be3 Qxa1 13. Qxh8 Bb5+ 14. Kf3
Qd1+ 15. Be2 Bxe2+ 16. Nxe2 Qxh1 17. Qxg8+ Kd7 18. Qf7+ Kc6 19. Qxe6+ Kc7 20.
Qd6+ Kc8 21. e6 Qb1 22. Nc3 Qd1+ 23. Nxd1 b5 24. e7 Kb7 25. e8=Q f4 26. Qf7+
Kc8 27. Qfc7# {Amateur checkmated} 1-0

[Event "ICS rated blitz match"]
[Site "204.178.125.65"]
[Date "2000.10.09"]
[Round "?"]
[White "Amateur"]
[Black "Hossa"]
[Result "0-1"]
[WhiteElo "2557"]
[BlackElo "2639"]
[PlyCount "122"]
[EventDate "2000.??.??"]

1. e4 d5 2. exd5 Qxd5 3. Nc3 Qd6 4. d4 Nf6 5. Nf3 Bg4 6. Bc4 Nbd7 7. h3 Bh5 8.
O-O c6 9. Be3 O-O-O 10. Qe2 Nb6 11. Bb3 Nfd5 12. Nxd5 Nxd5 13. Qd3 Nxe3 14.
fxe3 e6 15. Qc3 Qc7 16. a4 Kb8 17. a5 Bd6 18. a6 b6 19. Ra4 Bg6 20. Ne5 Bxe5
21. dxe5 c5 22. Ba2 Rd7 23. Bc4 Rhd8 24. Bb3 Rd2 25. Rc4 Qc6 26. Rg4 b5 27. Qa5
c4 28. Ba2 Qd5 29. Qb4 Rxc2 30. Bb1 Rd2 31. Bxg6 fxg6 32. Rg5 h6 33. Rxg6 Qxe5
34. Qc3 Qxc3 35. bxc3 R2d6 36. Rxg7 Rxa6 37. Rff7 Ra3 38. Rb7+ Ka8 39. Rxb5
Rxc3 40. Ra5 Rxe3 41. Raxa7+ Kb8 42. Rgb7+ Kc8 43. Rh7 Kb8 44. Ra2 c3 45. Rxh6
Rd2 46. Ra1 c2 47. Rh8+ Kc7 48. Rh7+ Kb6 49. Rf7 Rd1+ 50. Rf1 Red3 51. Kf2 Rxa1
52. Rxa1 Rd1 53. Rxd1 cxd1=Q 54. g3 Qh1 55. h4 e5 56. h5 e4 57. g4 Qf3+ 58. Kg1
e3 59. Kh2 e2 60. g5 e1=Q 61. h6 Qef2# {Amateur checkmated} 0-1

[Event "ICS rated blitz match"]
[Site "204.178.125.65"]
[Date "2000.10.09"]
[Round "?"]
[White "Hossa"]
[Black "Amateur"]
[Result "0-1"]
[WhiteElo "2651"]
[BlackElo "2545"]
[PlyCount "126"]
[EventDate "2000.??.??"]

1. e4 e5 2. Nf3 Nc6 3. Bc4 Be7 4. d4 d6 5. Nc3 Bg4 6. dxe5 Bxf3 7. gxf3 Nxe5 8.
Bb3 Nf6 9. Be3 O-O 10. Qe2 Qd7 11. f4 Nc6 12. O-O-O Ng4 13. Rhg1 Nxe3 14. fxe3
Na5 15. Ba4 c6 16. Qg2 g6 17. e5 Rfd8 18. exd6 Bxd6 19. Ne4 Qe7 20. f5 Bxh2 21.
fxg6 fxg6 22. Rgf1 Rxd1+ 23. Rxd1 Re8 24. Nd2 Bc7 25. Kb1 Qxe3 26. Bb3+ Nxb3
27. Nxb3 a5 28. Rh1 a4 29. Nc1 a3 30. Rh3 Qe1 31. Rh1 Qe7 32. Qh3 axb2 33. Nd3
Rf8 34. Nxb2 Rf5 35. Qb3+ Qf7 36. Qh3 Be5 37. Qd3 Rf3 38. Qd8+ Qf8 39. Rd1 Qxd8
40. Rxd8+ Kf7 41. Rd1 Ke6 42. Nc4 Bc3 43. Nd6 Rf4 44. Kc1 Rb4 45. Rd3 Be5 46.
Nc8 h5 47. Re3 g5 48. Kd2 Rd4+ 49. Kc1 h4 50. Rb3 Rd8 51. Nb6 g4 52. Na4 g3 53.
Re3 g2 54. Re1 Rg8 55. Nc5+ Kf5 56. Nd3 g1=Q 57. Rxg1 Rxg1+ 58. Kd2 h3 59. Nc5
h2 60. Nxb7 h1=Q 61. Nd6+ Kf4 62. c3 Rg2+ 63. Kd3 Qf1# {Hossa checkmated} 0-1

[Event "ICS rated standard match"]
[Site "204.178.125.65"]
[Date "2000.10.09"]
[Round "?"]
[White "Hossa"]
[Black "Amateur"]
[Result "1-0"]
[WhiteElo "2425"]
[BlackElo "2392"]
[PlyCount "155"]
[EventDate "2000.??.??"]

1. d4 Nf6 2. Nf3 e6 3. c4 Bb4+ 4. Bd2 Qe7 5. e3 Nc6 6. Nc3 Bxc3 7. Bxc3 Ne4 8.
Bd3 Nxc3 9. bxc3 e5 10. Qb1 exd4 11. cxd4 Qb4+ 12. Nd2 Qc3 13. a3 d6 14. Ra2
Qa5 15. Bxh7 g6 16. Bxg6 fxg6 17. Qxg6+ Kf8 18. Qf6+ Kg8 19. d5 Ne5 20. O-O Bd7
21. Ne4 Rf8 22. Qg5+ Kf7 23. Nf6 Bc8 24. Rc1 Nd3 25. Rca1 Qc3 26. Ne4 Qxc4 27.
f3 Rfg8 28. Qf6+ Ke8 29. Rd2 Ne5 30. Rf2 b5 31. Rd1 Rh3 32. Qf4 Rg6 33. Ng3 Rh4
34. Qxc4 Nxc4 35. Rd3 Rgh6 36. Nf1 Bd7 37. e4 Ke7 38. g3 Rg6 39. Ne3 Nxe3 40.
Rxe3 Rh7 41. Rc3 Kd8 42. Rfc2 Be8 43. Rb2 Rf7 44. Kf2 Rgf6 45. h4 Bd7 46. f4 a5
47. Kf3 Be8 48. Rc1 a4 49. Rbc2 Kc8 50. h5 Kd8 51. f5 Rd7 52. g4 Rg7 53. Kf4
Rh6 54. Rh2 Rgh7 55. Rc3 Rh8 56. Rh1 R6h7 57. Rc2 Bd7 58. Rhh2 Kc8 59. Rh3 Be8
60. Rc1 Kb7 61. Rch1 Kc8 62. h6 c5 63. dxc6 Rc7 64. Rd3 Rxc6 65. g5 Kc7 66. g6
Bf7 67. gxf7 Rb6 68. h7 Rbb8 69. Rg3 Rbd8 70. Rg8 b4 71. Rxh8 Rxh8 72. Kg5 Kd8
73. Kf6 b3 74. Kg7 Ke7 75. f6+ Ke6 76. f8=N+ Ke5 77. Ng6+ Kd4 78. Kxh8 {
Amateur resigns} 1-0

[Event "ICS rated blitz match"]
[Site "204.178.125.65"]
[Date "2000.10.09"]
[Round "?"]
[White "Hossa"]
[Black "Kupnu4"]
[Result "1-0"]
[WhiteElo "2630"]
[BlackElo "2146"]
[PlyCount "73"]
[EventDate "2000.??.??"]

1. e4 e6 2. d4 d5 3. Nc3 dxe4 4. Nxe4 Bd7 5. Nf3 Bc6 6. Bd3 Bxe4 7. Bxe4 c6 8.
O-O Nf6 9. Bd3 Be7 10. c3 Nbd7 11. Bg5 O-O 12. Qc2 Re8 13. Ne5 g6 14. Nxd7 Nxd7
15. Bf4 Nb6 16. Qd2 Bd6 17. Rfe1 Bxf4 18. Qxf4 Qb8 19. Qh6 Qd6 20. Re2 Qf8 21.
Qg5 Qe7 22. Qf4 Rad8 23. Be4 Qd6 24. Qh6 Qf8 25. Qh4 Qe7 26. Qg3 Qd6 27. Qg5
Qe7 28. Qa5 Nc8 29. Rae1 Qd7 30. Qg5 Qe7 31. Qh6 Qf8 32. Qf4 Qd6 33. Qe3 Nb6
34. Qh6 e5 35. Bf3 Nd7 36. Bg4 f5 37. Bxf5 {Kupnu4 resigns} 1-0

[Event "ICS rated blitz match"]
[Site "204.178.125.65"]
[Date "2000.10.09"]
[Round "?"]
[White "Kupnu4"]
[Black "Hossa"]
[Result "0-1"]
[WhiteElo "2144"]
[BlackElo "2632"]
[PlyCount "58"]
[EventDate "2000.??.??"]

1. d4 d5 2. f4 Nf6 3. e3 Bf5 4. Bd3 e6 5. Nf3 Ne4 6. g3 Bh3 7. Nbd2 Nxd2 8.
Bxd2 Be7 9. Bf1 Bxf1 10. Kxf1 Nd7 11. h4 Nf6 12. Ng5 h6 13. Nh3 c5 14. c3 Ne4
15. Kg2 Qb6 16. b3 cxd4 17. cxd4 Rc8 18. Rc1 Rxc1 19. Bxc1 Qc7 20. Bb2 Qa5 21.
a3 Bxa3 22. Bxa3 Qxa3 23. Qc2 O-O 24. Qe2 Qxb3 25. Ng5 hxg5 26. hxg5 Rc8 27.
Qh5 Qb2+ 28. Kf3 Qf2+ 29. Kg4 Qxg3# {Kupnu4 checkmated} 0-1

[Event "ICS rated blitz match"]
[Site "204.178.125.65"]
[Date "2000.10.09"]
[Round "?"]
[White "QueenMaxima"]
[Black "Hossa"]
[Result "0-1"]
[WhiteElo "2508"]
[BlackElo "2625"]
[PlyCount "150"]
[EventDate "2000.??.??"]

1. d4 d5 2. c4 e6 3. cxd5 exd5 4. Nc3 Nf6 5. Bf4 Bd6 6. Bxd6 Qxd6 7. e3 O-O 8.
Bd3 Nc6 9. Nge2 Nb4 10. O-O Re8 11. Nb5 Qb6 12. b3 Bg4 13. Nbc3 c6 14. h3 Nxd3
15. Qxd3 Bxe2 16. Qxe2 Qb4 17. Rfc1 Qa3 18. Rc2 Rad8 19. Rac1 Ne4 20. Nxe4 Rxe4
21. Qd2 Qe7 22. Qa5 a6 23. Rc5 f5 24. Qd2 f4 25. exf4 Qf6 26. g3 Rxd4 27. Qc3
Re4 28. Qxf6 gxf6 29. Kg2 Re2 30. R5c2 Rxc2 31. Rxc2 Re8 32. Kf3 Kg7 33. Rc3
Kf7 34. Re3 d4 35. Rxe8 Kxe8 36. Ke4 c5 37. b4 b6 38. a4 a5 39. bxa5 bxa5 40.
f5 Kf8 41. g4 Ke7 42. f4 Kf7 43. Kd3 Ke8 44. g5 Kf8 45. Kc4 Kf7 46. h4 h5 47.
gxh6 Kf8 48. h5 Kg8 49. h7+ Kxh7 50. Kd3 Kh6 51. Kc4 Kxh5 52. Kd3 Kg4 53. Ke4
Kg3 54. Kd3 Kxf4 55. Kd2 Kxf5 56. Kd3 Ke5 57. Kd2 c4 58. Kd1 c3 59. Kc2 d3+ 60.
Kxd3 c2 61. Kxc2 f5 62. Kd2 Kf4 63. Kd3 Kf3 64. Kc4 Ke3 65. Kb5 Kd4 66. Kxa5
Kc5 67. Ka6 f4 68. Kb7 f3 69. Ka6 f2 70. Ka5 f1=R 71. Ka6 Kc6 72. Ka7 Ra1 73.
a5 Rxa5+ 74. Kb8 Ra4 75. Kc8 Ra8# {QueenMaxima checkmated} 0-1

[Event "ICS rated blitz match"]
[Site "204.178.125.65"]
[Date "2000.10.09"]
[Round "?"]
[White "Hossa"]
[Black "QueenMaxima"]
[Result "1-0"]
[WhiteElo "2636"]
[BlackElo "2497"]
[PlyCount "67"]
[EventDate "2000.??.??"]

1. e4 c5 2. Nf3 e6 3. d4 cxd4 4. Nxd4 Nc6 5. Nb5 a6 6. Nd6+ Bxd6 7. Qxd6 Nf6 8.
Nc3 Qb6 9. Bd3 Qb4 10. Qg3 O-O 11. a3 Qa5 12. O-O Nh5 13. Qh4 Nf6 14. Bg5 Qe5
15. Bf4 Qc5 16. Be3 Qa5 17. Qg3 Rd8 18. Bg5 Kh8 19. Qh4 Qe5 20. Bf4 Qc5 21. Bc7
Rf8 22. Na4 Qd4 23. Nb6 Ra7 24. Nc4 Nd5 25. Bd6 b5 26. Nd2 Ne3 27. fxe3 Qxd6
28. e5 Qxd3 29. cxd3 Nxe5 30. Rac1 Nxd3 31. Rxf7 Re8 32. Qg5 Rg8 33. Rxc8 g6
34. Qf6# {QueenMaxima checkmated} 1-0

[Event "ICS rated standard match"]
[Site "204.178.125.65"]
[Date "2000.10.09"]
[Round "?"]
[White "alkhateeb"]
[Black "Hossa"]
[Result "0-1"]
[WhiteElo "2325"]
[BlackElo "2439"]
[PlyCount "52"]
[EventDate "2000.??.??"]

1. d4 d5 2. Nf3 Nf6 3. Bf4 Bf5 4. c4 dxc4 5. Qa4+ c6 6. Qxc4 Nbd7 7. e3 Nh5 8.
Bg5 f6 9. Bh4 g5 10. Bg3 e5 11. dxe5 fxe5 12. Nc3 Nxg3 13. hxg3 Qe7 14. O-O-O
g4 15. Nd2 Nb6 16. Qb3 O-O-O 17. Nde4 Bg7 18. Be2 Kb8 19. Rxd8+ Rxd8 20. Rh5
Qf8 21. a3 Bh8 22. Bc4 Bg6 23. Rh4 h5 24. Be6 Nd5 25. Rh2 Nxc3 26. Nxc3 Qxf2 {
alkhateeb resigns} 0-1

[Event "ICS rated standard match"]
[Site "204.178.125.65"]
[Date "2000.10.09"]
[Round "?"]
[White "Hossa"]
[Black "alkhateeb"]
[Result "1-0"]
[WhiteElo "2450"]
[BlackElo "2314"]
[PlyCount "85"]
[EventDate "2000.??.??"]

1. d4 Nf6 2. c4 g6 3. Nc3 Bg7 4. e4 d6 5. Nf3 O-O 6. Be2 e5 7. d5 a5 8. Be3 Na6
9. Nd2 h5 10. Bg5 Qe8 11. O-O Nh7 12. Be3 f5 13. f3 f4 14. Bf2 g5 15. a3 Bd7
16. Re1 Kh8 17. Qb3 b6 18. Qc2 Rg8 19. b3 Bf6 20. Rac1 g4 21. Qd1 Qg6 22. fxg4
hxg4 23. Rc2 Qh6 24. Nf1 Rg5 25. Rb2 Rag8 26. Qc1 Qg6 27. Qc2 Rh5 28. b4 axb4
29. axb4 Ng5 30. Qd3 Bc8 31. Ra1 f3 32. Ng3 fxe2 33. Nxh5 Qxh5 34. Nxe2 Rg7 35.
Ng3 Qh6 36. b5 Nc5 37. Bxc5 bxc5 38. Ra8 Rg8 39. Rba2 Nh7 40. R2a7 Qg7 41. b6
Bd7 42. Rxg8+ Qxg8 43. b7 {alkhateeb resigns} 1-0

[Event "ICS rated blitz match"]
[Site "204.178.125.65"]
[Date "2000.10.09"]
[Round "?"]
[White "harimau"]
[Black "Hossa"]
[Result "1-0"]
[WhiteElo "2853"]
[BlackElo "2645"]
[PlyCount "62"]
[EventDate "2000.??.??"]

1. e4 d5 2. exd5 Qxd5 3. Nc3 Qd6 4. d4 Nf6 5. Bc4 Nbd7 6. Nf3 Nb6 7. Bd3 c6 8.
O-O Bg4 9. h3 Bxf3 10. Qxf3 Qxd4 11. Be3 Qb4 12. a3 Qa5 13. Bd4 O-O-O 14. Qf4
Nbd5 15. Nxd5 Rxd5 16. Bc4 Rf5 17. Qe3 Nd5 18. Bxd5 Rxd5 19. c4 Rd8 20. Bxa7
Qh5 21. Rfe1 Rd6 22. Qg3 Qg6 23. Qh2 c5 24. b4 cxb4 25. c5 Rd3 26. Qb8+ Kd7 27.
Qxb7+ Ke8 28. Qb5+ Rd7 29. Rad1 f5 30. Rxd7 Kf7 31. Qc4+ Kf6 {Hossa resigns}
1-0

[Event "ICS rated blitz match"]
[Site "204.178.125.65"]
[Date "2000.10.09"]
[Round "?"]
[White "Hossa"]
[Black "CHEssGUEVARA"]
[Result "1-0"]
[WhiteElo "2638"]
[BlackElo "2076"]
[PlyCount "41"]
[EventDate "2000.??.??"]

1. e4 d6 2. d4 Nf6 3. Nc3 g6 4. f4 Bg7 5. Nf3 O-O 6. Bd3 Nc6 7. e5 dxe5 8. fxe5
Nh5 9. Be3 f6 10. Bc4+ Kh8 11. e6 Na5 12. Qe2 Nxc4 13. Qxc4 f5 14. O-O c6 15.
Ng5 Kg8 16. Rae1 Qd6 17. Bf2 Rf6 18. d5 cxd5 19. Nxd5 Rf8 20. Nf7 Qc6 21. Nxe7#
{CHEssGUEVARA checkmated} 1-0

[Event "ICS rated blitz match"]
[Site "204.178.125.65"]
[Date "2000.10.09"]
[Round "?"]
[White "CHEssGUEVARA"]
[Black "Hossa"]
[Result "0-1"]
[WhiteElo "2075"]
[BlackElo "2639"]
[PlyCount "64"]
[EventDate "2000.??.??"]

1. e4 d5 2. exd5 Qxd5 3. Nc3 Qd6 4. d4 Nf6 5. Nf3 Bg4 6. Be2 c6 7. h3 Bf5 8.
Be3 Nbd7 9. Qd2 Nd5 10. Nxd5 cxd5 11. c3 Be4 12. O-O O-O-O 13. Ng5 Bg6 14. f4
e6 15. Nf3 Nf6 16. Bd3 Ne4 17. Bxe4 Bxe4 18. Ng5 Bg6 19. Rac1 f6 20. Nf3 Qa6
21. b3 Ba3 22. Rce1 Qb5 23. Nh4 Bd3 24. Rf2 Kb8 25. f5 e5 26. dxe5 fxe5 27. f6
gxf6 28. Rxf6 Rhf8 29. Bg5 Rxf6 30. Bxf6 Qb6+ 31. Qf2 Qxf2+ 32. Kxf2 Rf8 {
CHEssGUEVARA resigns} 0-1

[Event "ICS Rated standard match"]
[Site "204.178.125.65"]
[Date "2000.10.09"]
[Round "?"]
[White "Hossa"]
[Black "Mefisto5000"]
[Result "1-0"]
[WhiteElo "2460"]
[BlackElo "2013"]
[PlyCount "52"]
[EventDate "2000.??.??"]

1. d4 e6 2. c4 d5 3. Nc3 Nf6 4. Nf3 Be7 5. e3 O-O 6. c5 a5 7. Bd3 b6 8. cxb6
cxb6 9. Nb5 Nc6 10. a3 Na7 11. Nxa7 Rxa7 12. Ne5 Rc7 13. Bb5 Bb7 14. Bd2 Ne8
15. Qh5 g6 16. Qg4 Ng7 17. Rc1 f6 18. Nc6 Bxc6 19. Rxc6 Rxc6 20. Bxc6 Qd6 21.
Bb5 Rc8 22. O-O f5 23. Qf3 Qd8 24. Qd1 Ne8 25. Qa4 Nd6 26. Bd7 b5 {
Mefisto5000 resigns} 1-0

[Event "ICS rated blitz match"]
[Site "204.178.125.65"]
[Date "2000.10.09"]
[Round "?"]
[White "Nothing"]
[Black "Hossa"]
[Result "0-1"]
[WhiteElo "1907"]
[BlackElo "2640"]
[PlyCount "40"]
[EventDate "2000.??.??"]

1. e4 d5 2. exd5 Qxd5 3. Nc3 Qd6 4. Nf3 Nc6 5. Be2 Bf5 6. O-O O-O-O 7. d3 Nf6
8. h3 e5 9. Bg5 h6 10. Be3 Qe6 11. Qc1 Bxh3 12. gxh3 Qxh3 13. Nh2 Nd4 14. Bxd4
exd4 15. Ne4 Bd6 16. Nxd6+ Rxd6 17. Qf4 Kb8 18. Bg4 Nxg4 19. Nxg4 Rg6 20. f3 h5
{Nothing resigns} 0-1

[Event "ICS rated blitz match"]
[Site "204.178.125.65"]
[Date "2000.10.10"]
[Round "?"]
[White "AjedrezHoy"]
[Black "Hossa"]
[Result "1/2-1/2"]
[WhiteElo "2344"]
[BlackElo "2645"]
[PlyCount "133"]
[EventDate "2000.??.??"]

1. d4 Nf6 2. c4 g6 3. Nc3 Bg7 4. e4 O-O 5. Nf3 d6 6. Be2 Bg4 7. O-O e5 8. Be3
exd4 9. Nxd4 Bxe2 10. Qxe2 Re8 11. f3 Nfd7 12. Qd2 Bxd4 13. Bxd4 Nc6 14. Bf2
Nde5 15. b3 f6 16. Rad1 Nf7 17. Nd5 f5 18. exf5 gxf5 19. Qf4 Re5 20. Rfe1 Qc8
21. Rxe5 dxe5 22. Qg3+ Kh8 23. Qh4 Qd7 24. Qf6+ Kg8 25. Re1 f4 26. Qh6 Nxh6 27.
Nf6+ Kg7 28. Nxd7 Re8 29. Nc5 b6 30. Ne4 Nf5 31. Rd1 Ncd4 32. Nc3 a5 33. Nd5
Rc8 34. Bxd4 Nxd4 35. Nxf4 Nxf3+ 36. gxf3 exf4 37. Rd7+ Kg6 38. Kf2 h6 39. a3
h5 40. h4 Kf6 41. b4 axb4 42. axb4 Kg6 43. c5 bxc5 44. bxc5 Ra8 45. Rxc7 Ra2+
46. Kf1 Rc2 47. c6 Kf6 48. Rc8 Ke5 49. Rh8 Kd4 50. Rxh5 Ke3 51. Ra5 Kxf3 52.
Ra3+ Kg4 53. h5 f3 54. Ra8 Rxc6 55. Rg8+ Kf4 56. Rf8+ Kg3 57. Rg8+ Kh3 58. Kf2
Rf6 59. Rg3+ Kh4 60. Rxf3 Rxf3+ 61. Kxf3 Kg5 62. h6 Kg6 63. Kg4 Kh7 64. Kg5 Kh8
65. Kg6 Kg8 66. h7+ Kh8 67. Kh6 {Hossa stalemated} 1/2-1/2

[Event "ICS rated blitz match"]
[Site "204.178.125.65"]
[Date "2000.10.10"]
[Round "?"]
[White "Hossa"]
[Black "riffifi"]
[Result "0-1"]
[WhiteElo "2634"]
[BlackElo "2390"]
[PlyCount "130"]
[EventDate "2000.??.??"]

1. e4 e6 2. d4 d5 3. Nc3 Nc6 4. Nf3 Nf6 5. exd5 exd5 6. Bb5 Bb4 7. Qe2+ Be6 8.
Ng5 Qe7 9. Nxe6 Qxe6 10. Qxe6+ fxe6 11. O-O O-O-O 12. Bxc6 bxc6 13. Ne2 Kd7 14.
Nf4 Bd6 15. Re1 Rde8 16. Nd3 Rhf8 17. f3 h6 18. Ne5+ Bxe5 19. dxe5 Ng8 20. Be3
a6 21. Kf2 Rf5 22. Bc5 Ne7 23. Re2 g5 24. h3 Rb8 25. b3 Ng6 26. Rae1 Rb5 27. b4
Rb8 28. a4 Nf4 29. Re3 Ra8 30. Kf1 a5 31. Ra3 axb4 32. Bxb4 Ng6 33. Bc3 c5 34.
Ba1 Kc6 35. a5 Ra6 36. Kf2 Rf4 37. g3 Rb4 38. Bc3 Rb5 39. f4 d4 40. Bd2 gxf4
41. gxf4 Rb2 42. Rc1 c4 43. Rg3 Ne7 44. Rg7 Nf5 45. Rg6 Kd5 46. Ke2 c3 47. Be1
Rxa5 48. Bf2 Raa2 49. Kf3 Rxc2 50. Rxc2 Rxc2 51. Rg8 d3 52. Rd8+ Kc4 53. Rc8
Rxf2+ 54. Kxf2 c5 55. Ra8 c2 56. Ra4+ Kb3 57. Ra1 d2 58. Ke2 c1=Q 59. Rxc1
dxc1=Q 60. h4 Qe3+ 61. Kf1 Qd2 62. h5 Ng3+ 63. Kg1 Ne4 64. Kh1 Qf2 65. f5 Ng3#
{Hossa checkmated} 0-1